| 000 | 01244cam a22003494a 4500 | ||
|---|---|---|---|
| 001 | 16542652 | ||
| 003 | OSt | ||
| 005 | 20160819154252.0 | ||
| 008 | 101118s2012 njua 001 0 eng | ||
| 010 | _a 2010047843 | ||
| 020 | _a9780132497992 (casebound) | ||
| 020 | _a9780132497947 (pbk.) | ||
| 020 | _a9780132497923 (pbk.) | ||
| 040 |
_aDLC _cDLC _dDLC |
||
| 050 | 0 | 0 |
_aHF5636 _b.H67 2012 |
| 082 | 0 | 0 |
_a657 _222 |
| 100 | 1 |
_aHorngren, Charles T., _d1926- |
|
| 245 | 1 | 0 |
_aFinancial & managerial accounting / _cCharles T. Horngren, Walter T. Harrison Jr., M. Suzanne Oliver. |
| 246 | 3 | _aFinancial and managerial accounting | |
| 250 | _a3rd ed. | ||
| 260 |
_aUpper Saddle River, N.J. : _bPearson Prentice Hall, _cc2012. |
||
| 300 |
_axi, 1190, [72] p. : _bcol. ill. ; _c29 cm. |
||
| 500 | _aRev. ed. of: Financial and managerial accounting. 2nd ed. 2009. | ||
| 500 | _aIncludes indexes. | ||
| 650 | 0 | _aAccounting. | |
| 650 | 0 | _aManagerial accounting. | |
| 700 | 1 | _aHarrison, Walter T. | |
| 700 | 1 | _aOliver, M. Suzanne. | |
| 906 |
_a7 _bcbc _corignew _d1 _eecip _f20 _gy-gencatlg |
||
| 942 |
_2lcc _cBOOKS |
||
| 999 |
_c13712 _d13712 |
||